Calulus and its applications
| Main Author: | |
|---|---|
| Format: | Section = Libro |
| Language: | Undetermined Spanish |
| Published: |
Boston
Addison/Wesley
2004
|
| Edition: | 8a.ed. |
| Subjects: |
| LEADER | 00580nam a2200229Ia 4500 | ||
|---|---|---|---|
| 008 | 240829s9999 xx 000 0 und d | ||
| 020 | |a 0-321-16639-6 | ||
| 040 | |a BIBLIOTECA-RUSB/ 515 B624 | ||
| 041 | |a spa | ||
| 082 | |a 515 B624 | ||
| 100 | 1 | |a Bittinger, Marvín L. | |
| 245 | 1 | 0 | |a Calulus and its applications |
| 250 | |a 8a.ed. | ||
| 260 | |a Boston |b Addison/Wesley |c 2004 | ||
| 300 | |a 600 p. :il. | ||
| 650 | 7 | |a CALCULO | |
| 650 | 7 | |b FUNCIONES, GRAFICAS, MODELOS | |
| 650 | 7 | |c DERIVACION | |
| 650 | 7 | |d FUNCIONES - VARIABLES | |
| 942 | |c BK |2 ddc | ||
| 991 | |a TEXTO | ||
| 999 | |c 1559 | ||